000 00524nam a22002057a 4500
001 00028565
005 20260313114759.0
008 260313b ag ||||| |||| 00| 0 spa d
020 _a9789870609780
040 _bspa
_cAR-CcCEOS
080 _a372.4
090 _bGIU
100 1 _aGiussani, Laura,
_d1960-
_9893
245 _aPrácticas del Lenguaje : 5 /
_cLaura Giussani
250 _a2ª ed.
260 _aBuenos Aires :
_bAique,
_c2022.
300 _a176 p. ;
_c27x22 cm.
650 0 _amanual
942 _2udc
_cBK
999 _c28595
_d28595
945 _a66467
_bMelina Rolando
_c66467
_dMelina Rolando